书目信息 |
| 书名: | PS. I LOVE YOU | |
| 作者: | Cecelia Ahern. | |
| 分册号: | ||
| 分册名: | 出版地: | NEW YORK : |
|
| 出版社: | HYDERION | |
| 出版时间: | 2004. | |
| 页数: | 501P ; | |
| 开本: | 20cm. | |
| 丛书名: | ||
| 中图分类号: | ||
| 科图分类号: | ||
| 其他分类号: | I712.45 | |
| 主题词: | ||
| 电子资源: | ||
| 000 | 006350010 2200253 450 | |
| 005 | 20121112180342.25 | |
| 008 | 20021229d1997 em y0chiy0121 ea | |
| 020 | @a978-1-401-30916-9 :@c$14.99. | |
| 041 | @achi | |
| 091 | @aI712.45 | |
| 099 | @aI712.45@b1211@dI712.45@e1 | |
| 099 | @dI712.45@eC3879 | |
| 099 | @dI712.45@eC3879 | |
| 100 | @aCecelia Ahern | |
| 245 | 10 | @aPS. I LOVE YOU / @cCecelia Ahern. |
| 260 | @aNEW YORK :@bHYDERION,@c2004. | |
| 300 | @a501P ;@c20cm. | |
| 521 | @aPS. I LOVE YOU | |
| 650 | 0 | @a文学 |
| 905 | @eC3879 | |
| 905 | @b7837 | |
| 905 | @b7309-10 | |
| 905 | @b7309-10 | |
| 905 | @aTSG@dI712.45@eC3879 | |
| PS. I LOVE YOU / / Cecelia Ahern.-NEW YORK : : HYDERION, , 2004. |
| 501P ; ; 20cm. |
| PS. I LOVE YOU |
| ISBN 978-1-401-30916-9 :$14.99. |
| ● |
| 相关链接 |
|
|
|
正题名:PS. I LOVE YOU
索取号:I712.45/C3879
 
预约/预借
| 序号 | 登录号 | 条形码 | 馆藏地/架位号 | 状态 | 备注 |
| 1 | 7309 | 300073097 | 文学库116/ [索取号:I712.45/1] | 在馆 | |
| 2 | 7310 | 300073104 | 文学库116/ [索取号:I712.45/1] | 在馆 | |
| 3 | 7837 | 300078378 | 文学库116/ [索取号:I712.45/1] | 在馆 |